[Event "Hoogovens"]
[Site "Wijk aan Zee 45"]
[Date "1983.01.??"]
[Round "2"]
[White "Andersson, Ulf"]
[Black "Browne, Walter"]
[Result "1-0"]
[WhiteElo "2635"]
[BlackElo "2540"]
[Annotator "JvR"]
[PlyCount "113"]
[EventDate "1983.??.??"]
[EventCountry "NED"]

{WIJK AAN ZEE 1983  Kortschnoj was invited for the Hoogovens tournament. No
Soviet players showed up, as a result. The main role ended for Kortschnoj
quickly. Andersson took over.} 1. Nf3 c5 2. c4 Nf6 3. Nc3 e6 4. g3 b6 5. Bg2
Bb7 6. O-O Be7 7. b3 O-O 8. Bb2 a6 9. e3 d6 10. d4 Nbd7 11. d5 exd5 $5 {Browne
accepts the semi-sacrifice.} ({Known is} 11... e5 $5 {(Stean - Scholz Solis,
Santiago 1980).}) 12. Nh4 $1 g6 $1 13. Nxd5 Nxd5 14. Bxd5 Bxd5 15. Qxd5 b5 $5 {
Black's position looks poor, but he gets a sufficient counter-play.} 16. Ng2
Nb6 17. Qd3 bxc4 18. bxc4 Rb8 $6 (18... d5 $1 {liberates the black position.})
19. Rab1 Qd7 20. e4 f5 21. Ne3 fxe4 22. Qxe4 Rbe8 23. Qd3 Rf3 24. Bc3 Bd8 25.
Ba5 $1 Qc6 26. Bxb6 Bxb6 27. Rfd1 Bc7 {The backward pawn has become a great
hindrance.} 28. Rb3 Ba5 $6 29. Qc2 $6 {Andersson prefers his positional edge.}
Bd8 30. Nd5 Rff8 31. Qb2 Qa4 32. Rc1 Re6 33. Rb8 Qe8 34. Kf1 Qf7 $2 {Black
misses a counteraction.} (34... g5 $1 35. Nc7 Qc6 $1 36. Nxe6 Qh1+ 37. Ke2 Qf3+
{leads to perpetual check.}) 35. Rb7 $1 Bf6 36. Rxf7 Bxb2 37. Rxf8+ Kxf8 38.
Re1 $5 Rxe1+ 39. Kxe1 Kf7 40. Ke2 Bd4 $6 (40... g5 $1 {frustrates the advance
of the white pawns.}) 41. f4 h5 42. Kf3 Ke6 43. h3 Bb2 44. Ke4 Bc1 45. g4 hxg4
46. hxg4 Bb2 47. a4 Ba1 48. Nb6 Bb2 49. f5+ gxf5+ 50. gxf5+ Kf6 ({Or} 50... Ke7
51. Kd5 Be5 52. Kc6) 51. Nc8 d5+ 52. Kxd5 Kxf5 53. Nd6+ Kf6 54. Ne4+ Ke7 55.
Nxc5 a5 56. Kc6 Bc3 57. Nb7 {Andersson and Ribli led by two wins.} 1-0

[Event "Hoogovens"]
[Site "Wijk aan Zee 45"]
[Date "1983.01.??"]
[Round "5"]
[White "Ree, Hans"]
[Black "Hort, Vlastimil"]
[Result "0-1"]
[WhiteElo "2500"]
[BlackElo "2585"]
[Annotator "JvR"]
[PlyCount "82"]
[EventDate "1983.??.??"]
[EventCountry "NED"]

1. d4 Nf6 2. c4 e6 3. Nc3 Bb4 4. Qc2 c5 5. dxc5 O-O 6. a3 Bxc5 7. Nf3 b6 8. Bf4
Bb7 9. Rd1 Nc6 10. e3 Rc8 11. Be2 Be7 12. O-O d6 13. e4 $5 Nh5 14. Be3 Qc7 15.
Nb5 Qb8 16. Bg5 Rfd8 $1 17. Bxe7 Nxe7 18. Rfe1 a6 19. Nc3 Nf6 20. Bf1 Ng6 21.
Rd2 h6 22. h3 Qc7 23. Qb1 $5 {Ree plays passively.} Nd7 $1 24. Rc1 Nde5 25.
Nxe5 Nxe5 26. b3 Qe7 27. f4 $2 ({Better is} 27. Be2) 27... Nd7 28. g3 Nf6 $1
29. Kh2 d5 $1 {The offensive in the centre starts after a long preparation.}
30. e5 $5 dxc4 $1 31. Rb2 $6 (31. Rxd8+ Rxd8 {(Hort)} 32. Qb2 Nh5 33. bxc4 Nxf4
$1 34. gxf4 Qh4 35. Rd1 Rxd1 36. Nxd1 Qxf4+ 37. Kg1 Qg3+ {also wins for Black.}
) 31... Nd7 32. bxc4 Qxa3 33. Ra2 Qc5 34. Na4 Qc7 35. Rd1 Bc6 36. Rd6 Bxa4 37.
Rxa4 Nc5 38. Rxd8+ Rxd8 39. Rb4 Rd2+ 40. Kg1 Qd8 41. Rxb6 Qd4+ (41... Qd4+ 42.
Kh1 Ne4 $1 {leaves no hope for White (Hort).}) 0-1

[Event "Hoogovens"]
[Site "Wijk aan Zee 45"]
[Date "1997.??.??"]
[Round "9"]
[White "Bacrot, Etienne"]
[Black "Nijboer, Friso"]
[Result "0-1"]
[WhiteElo "2500"]
[BlackElo "2555"]
[Annotator "JvR"]
[PlyCount "78"]
[EventDate "1983.??.??"]
[EventCountry "NED"]

1. d4 Nf6 2. c4 g6 3. Nf3 Bg7 4. g3 O-O 5. Bg2 d6 6. O-O Nc6 7. d5 Na5 8. Nbd2
c5 9. Ne1 e6 10. Nc2 Rb8 11. a4 exd5 $5 12. cxd5 Re8 13. Re1 c4 $5 (13... Qb6
$1 14. Ne3 Bd7 {gains a plus.}) 14. Na3 Qc7 15. Naxc4 $1 Nxc4 16. Qc2 Bd7 17.
Qxc4 Rbc8 18. Qb4 $5 Re5 19. Nf3 Re4 20. Qb3 Qc4 21. Qxc4 Rexc4 22. b3 Rb4 23.
Ba3 Rxb3 24. Nd2 Rb6 25. Rac1 Rxc1 26. Rxc1 Bxa4 27. Nc4 Ra6 28. Bxd6 {The
endgame offers equal chances.} b5 $1 29. Nb6 $1 h5 30. Nc8 Bb3 31. Bc5 Ra2 $1
32. d6 $2 {White misses the forced draw.} (32. Nxa7 $1 Bxd5 33. Nxb5 Bxg2 34.
Kxg2 Rxe2 {leads to equality (Hazai).}) 32... Be6 $1 33. Nxa7 b4 $1 34. Nb5 b3
35. Nc3 Ra5 36. Bd4 b2 {White cannot stop the passed pawn.} 37. Rf1 Ne8 38. Bd5
$2 Bxd4 39. Bxe6 Nxd6 {Van der Sterren and Nijboer ended at the top of the
B-group.} 0-1

[Event "Hoogovens"]
[Site "Wijk aan Zee 45"]
[Date "1983.01.??"]
[Round "11"]
[White "Andersson, Ulf"]
[Black "Hulak, Krunoslav"]
[Result "1-0"]
[WhiteElo "2635"]
[BlackElo "2515"]
[Annotator "JvR"]
[PlyCount "99"]
[EventDate "1983.??.??"]
[EventCountry "NED"]

1. Nf3 Nf6 2. c4 c5 3. g3 g6 4. b3 Bg7 5. Bb2 Nc6 6. Bg2 O-O 7. O-O d6 8. d4
cxd4 9. Nxd4 Bd7 10. Nc3 a6 11. Rc1 Qa5 12. e3 Rfc8 13. a3 $5 ({Known from
previous games is} 13. Qe2 {(Keene - Paoli, Dortmund 1973).}) 13... Rab8 14.
Re1 Bg4 15. Qd2 Qh5 16. Nd5 Nxd5 17. cxd5 Nxd4 18. Bxd4 Bxd4 19. Qxd4 Bf3 20.
Rc4 Bxg2 21. Kxg2 Qf5 $6 ({Black could have continued the exchanges by} 21...
Rxc4 22. Qxc4 $5 b5 $1 23. Qd4 Rc8 24. e4 Qe5 {and equalise.}) 22. Rec1 Qd7 $6
{Black misses the exchange again.} 23. e4 f6 24. Qc3 Rxc4 25. Qxc4 Kf7 26. h3
f5 27. Rc3 fxe4 28. Qxe4 Rf8 ({Not} 28... Rc8 $4 29. Qe6+ Ke8 30. Qg8#) 29. a4
Kg7 30. g4 Rf6 $6 {The rook should stay on the eighth rank.} 31. Qd4 g5 32. f4
h6 33. f5 Qd8 34. Qb4 Rf7 35. Rc4 Kh7 36. Qc3 Qg8 37. Rc7 b5 38. axb5 axb5 39.
Qd3 Kh8 40. Qxb5 Qa8 41. Qc4 Qa2+ 42. Qc2 Qa6 43. b4 Kg8 44. Qe4 Qa2+ 45. Rc2
Qb3 46. b5 h5 ({Or} 46... Qxb5 47. Qe6 $1) 47. Qc4 Qb1 48. Qe4 Qb3 49. gxh5 Kg7
50. f6+ $1 1-0

[Event "Hoogovens"]
[Site "Wijk aan Zee 45"]
[Date "1983.01.??"]
[Round "11"]
[White "Van der Wiel, John"]
[Black "Ribli, Zoltan"]
[Result "0-1"]
[WhiteElo "2530"]
[BlackElo "2595"]
[Annotator "JvR"]
[PlyCount "54"]
[EventDate "1983.??.??"]
[EventCountry "NED"]

1. e4 c5 2. Nc3 e6 3. Nf3 d6 4. d4 cxd4 5. Nxd4 a6 6. f4 b5 7. Qf3 Bb7 8. Bd3
Nd7 9. f5 $5 ({Van der Wiel had played} 9. Bd2 {against Ghinda in Bochum 1981.}
) 9... Ne5 $1 10. Qh3 exf5 11. Nxf5 g6 12. Ne3 Nf6 13. Bd2 Bg7 14. O-O-O $2 ({
More solid is} 14. O-O {(Nunn).}) 14... b4 $1 15. Ne2 Qa5 16. Nc4 $1 Nxc4 $1 ({
Not} 16... Qxa2 $2 17. Nxd6+ Kf8 18. Bxb4 Nxd3+ 19. Rxd3 Qa1+ 20. Kd2 Qxh1 21.
Nxf7+ $1 Kxf7 22. Rd7+ $1 Nxd7 23. Qxd7+ Kf6 (23... Kg8 24. Qe6#) 24. Qe7#) 17.
Bxc4 O-O 18. Qb3 Nxe4 19. Bxb4 Qg5+ 20. Kb1 a5 $1 21. Bxd6 Nxd6 22. Rxd6 Bxg2
23. Rg1 Qe5 24. Rb6 Qxh2 25. Qe3 Qh4 26. Bb5 Be4 27. Ng3 $2 Bd4 $1 0-1

[Event "Hoogovens"]
[Site "Wijk aan Zee 45"]
[Date "1983.01.??"]
[Round "12"]
[White "Kuligowski, Adam"]
[Black "Browne, Walter"]
[Result "0-1"]
[WhiteElo "2435"]
[BlackElo "2540"]
[Annotator "JvR"]
[PlyCount "87"]
[EventDate "1983.??.??"]
[EventCountry "NED"]

1. d4 Nf6 2. c4 e6 3. g3 Bb4+ 4. Bd2 Be7 5. Bg2 d5 6. Nf3 O-O 7. Bg5 Nbd7 8.
O-O c6 9. Nbd2 b6 10. Rc1 Bb7 11. cxd5 exd5 12. Ne1 Re8 13. Nd3 Ne4 14. Bxe7
Qxe7 15. Re1 Rad8 16. e3 c5 $1 17. dxc5 $6 {White gives up the control over e5.
} bxc5 18. Qc2 $6 (18. Qb3 $1 c4 $1 19. Qxb7 cxd3 20. Rcd1 {defends well.})
18... c4 $1 19. Nf4 Ne5 $1 20. Kf1 $6 (20. Nxe4 dxe4 21. Red1 Nd3 $1 22. Rb1 {
leads to a horrible position (Browne).}) 20... Nc5 $1 21. Rb1 Ned3 22. Nxd3
Nxd3 23. Red1 Nxf2 $1 24. Kxf2 Qxe3+ 25. Kf1 Ba6 26. Bf3 c3+ 27. Kg2 cxd2 28.
Qxd2 d4 29. Qxe3 dxe3 30. Bc6 e2 31. Rxd8 Rxd8 32. Bf3 Rd2 33. Kf2 Bd3 34. Ke3
Rxb2 35. Rxb2 e1=Q+ 36. Kxd3 g6 37. Re2 Qb1+ 38. Ke3 Qb6+ 39. Kd2 Qd4+ 40. Ke1
a5 41. Kf1 a4 42. h4 a3 43. Kg2 Kg7 44. Rc2 {Andersson won (9/13) before Ribli
(81/2), Browne and Hort (8), Nunn (71/2).} 0-1

[Event "Hoogovens"]
[Site "Wijk aan Zee 46"]
[Date "1984.01.??"]
[Round "2"]
[White "Kortschnoj, Viktor"]
[Black "Van der Wiel, John"]
[Result "1-0"]
[WhiteElo "2635"]
[BlackElo "2515"]
[Annotator "JvR"]
[PlyCount "97"]
[EventDate "1984.??.??"]
[EventCountry "NED"]

{WIJK AAN ZEE 1984  This time the Soviets showed up, although Kortschnoj
participated. Beliavsky and Tukmakov came to Wijk aan Zee. The boycot of
Kortschnoj had ended.} 1. d4 Nf6 2. c4 e6 3. Nf3 d5 4. Nc3 Be7 5. Bg5 O-O 6. e3
h6 7. Bxf6 Bxf6 8. Qd2 Nc6 9. O-O-O b6 10. e4 $5 {Kortschnoj plays a sharp
novelty.} ({He did} 10. h4 {against Filip in Yerevan 1965.}) 10... dxc4 11.
Bxc4 Na5 12. Be2 Bb7 13. Qe3 c5 $5 14. dxc5 Qc7 $1 15. Nb5 $1 {Black will end
up with a weak pawn.} Qxc5+ 16. Qxc5 bxc5 17. e5 Bxf3 $2 {The tables turn.} (
17... Bd8 $1 18. Kb1 Bb6 {equalises.}) 18. Bxf3 Rab8 19. exf6 Rxb5 20. Rd7 Rfb8
$5 21. Rhd1 $1 Rxb2 22. Rd8+ Kh7 23. Be4+ g6 24. Rxb8 ({Not} 24. R1d7 $2 Rxd8
25. Rxf7+ Kh8 $1 26. Kxb2 Nc4+ 27. Kc2 Nd6 {(Bulletin).}) 24... Rxb8 25. Rd7
Kg8 26. Rxa7 Rb4 $5 27. Rxa5 $5 Rxe4 28. Rxc5 Rf4 29. f3 Rxf6 {White has the
distant passed pawn in the rook ending.} 30. Kb2 $1 e5 $5 ({Or} 30... Rf4 31.
Kb3 $1 {and the passed pawn forces the win as well.}) 31. Rxe5 Rb6+ 32. Ka1 $1
Kg7 33. a3 $1 Kf6 34. Re2 h5 35. Ka2 h4 36. a4 Rd6 37. Kb3 h3 38. g3 Rd3+ 39.
Kb4 Rxf3 40. a5 Rf1 41. Ra2 $1 Rb1+ 42. Ka4 $1 Kg5 43. a6 Rb8 44. a7 Ra8 45.
Kb5 Kg4 46. Kb6 f5 47. Kb7 Re8 48. a8=Q Rxa8 49. Kxa8 1-0

[Event "Hoogovens"]
[Site "Wijk aan Zee 46"]
[Date "1984.01.??"]
[Round "5"]
[White "Miles, Anthony"]
[Black "Beliavsky, Alexander"]
[Result "0-1"]
[WhiteElo "2610"]
[BlackElo "2565"]
[Annotator "JvR"]
[PlyCount "52"]
[EventDate "1984.??.??"]
[EventCountry "NED"]

1. c4 e6 2. Nc3 d5 3. d4 Nf6 4. Nf3 Be7 5. Bf4 O-O 6. e3 c5 7. dxc5 Bxc5 8. Qc2
Nc6 9. a3 Qa5 10. Rd1 Be7 11. Rd2 Ne4 12. Nxe4 dxe4 13. Qxe4 Rd8 $5 ({Theory is
} 13... f5 {(Browne - Ogaard, Gjovik 1983).}) 14. Qc2 $2 {Beliavsky's novelty
creates success.} ({Correct is} 14. Be2 {(Meduna - Velikov, Tirnavia Trnava
1984).}) 14... e5 $1 15. Bg3 e4 $1 16. Qxe4 ({Or} 16. Nd4 Nxd4 17. exd4 Bg5 {
(Tröger).}) 16... Bf5 $1 17. Qf4 Rxd2 18. Nxd2 Rd8 19. e4 Bg4 $1 20. c5 (20.
Qxg4 $2 Qxd2#) 20... Nb4 $1 21. f3 ({Pointes are} 21. axb4 Qa1+ {(Miles) and})
(21. Qxg4 Nc2+ {(Tröger).}) 21... g5 $1 22. axb4 Qa1+ 23. Ke2 gxf4 24. Bxf4 Be6
25. Be5 Qc1 26. Bc3 Bg5 {Kortschnoj and Beliavsky competed for the first place.
} 0-1

[Event "Hoogovens"]
[Site "Wijk aan Zee 46"]
[Date "1984.01.??"]
[Round "6"]
[White "Beliavsky, Alexander"]
[Black "Nikolic, Predrag"]
[Result "1-0"]
[WhiteElo "2565"]
[BlackElo "2570"]
[Annotator "JvR"]
[PlyCount "109"]
[EventDate "1984.??.??"]
[EventCountry "NED"]

1. e4 e6 2. d4 d5 3. Nd2 c5 4. Ngf3 cxd4 5. exd5 Qxd5 6. Bc4 Qc5 7. Qe2 Nc6 8.
Nb3 Qb6 9. O-O Nge7 10. Rd1 Nf5 $5 {Black has a difficult position despite the
novelty.} 11. Bd3 $1 Nd6 12. a4 $1 a6 $2 {The pawn should march one step
further. Hereafter, Black will suffer from a bad case of restriction and he
cannot defend his extra pawn.} 13. a5 $1 Qa7 14. Ra4 Nb5 15. Bxb5 axb5 16.
Raxd4 $5 {There is no need to give the exchange, but the idea is all right.}
Nxd4 17. Nfxd4 Be7 18. Nxb5 Qb8 19. Be3 O-O 20. Bb6 Qf4 21. Nc7 Rb8 22. g3 Qa4
23. Ba7 Bd7 24. Bxb8 Rxb8 25. Nd5 $1 exd5 26. Qxe7 {White has won a pawn.} Re8
27. Qc5 Bg4 28. Ra1 Qd7 $2 (28... Qe4 $1 29. Nd2 Qe6 {perseveres the
compensation by active play.}) 29. Nd4 Bh3 30. f3 Rc8 31. Qb4 Rc4 32. Qd2 h5
33. Re1 g6 34. c3 Kg7 35. Kf2 Qc7 36. Qf4 $5 Qxf4 37. gxf4 Kf6 38. Ra1 Bc8 39.
Ke3 Ke7 40. Kd2 Bd7 41. b3 Rc8 42. Nc2 Bb5 43. Rg1 Ra8 44. Rg5 Bc6 45. b4 b6 $5
46. Nd4 $5 Bb7 47. Nb3 Rb8 48. h4 bxa5 49. Nxa5 Kd6 50. f5 f6 51. Rxg6 Ke5 52.
Rg7 Ba8 53. Nb3 Kxf5 54. Nd4+ Kf4 55. Rh7 1-0

[Event "Hoogovens"]
[Site "Wijk aan Zee 46"]
[Date "1984.01.??"]
[Round "8"]
[White "Kortschnoj, Viktor"]
[Black "Miles, Anthony"]
[Result "1-0"]
[WhiteElo "2635"]
[BlackElo "2610"]
[Annotator "JvR"]
[PlyCount "55"]
[EventDate "1984.??.??"]
[EventCountry "NED"]

1. d4 Nf6 2. c4 e6 3. Nc3 Bb4 4. e3 c5 5. Nge2 cxd4 6. exd4 O-O 7. a3 Be7 8. d5
exd5 9. cxd5 Re8 10. d6 Bf8 11. g3 Qb6 $5 {Miles attacks the advanced pawn by
a new move. It brings equal chances.} 12. Bg2 Bxd6 13. Be3 Qa6 ({Not} 13...
Qxb2 $4 14. Ra2 $1) ({Doubtful is} 13... Rxe3 $6 14. fxe3 Be5 {(Schmidt -
Spiridonov, Polanica Zdroj 1985).}) 14. O-O Be5 15. Nf4 d5 $6 ({More ambition
is shown by} 15... Nc6 $1 16. Nfd5 Nxd5 17. Nxd5 Ne7) 16. Ncxd5 Nc6 17. Nxf6+
Bxf6 18. Nd5 $1 Be5 19. Qh5 Qa4 20. Bf4 $1 {White closes the way to g4.} Bd7 (
20... Bxf4 21. gxf4 $1 {leads to an attack by White (Chandler).}) 21. b3 $1 Qa5
(21... Qxb3 $5 22. Rab1 Qxa3 23. Rxb7 Rad8 24. Be4 g6 25. Qh4 {combats.}) 22.
b4 Qa4 $2 ({More prudent is} 22... Qd8 $1) 23. Rad1 Bxf4 24. gxf4 $1 Rad8 25.
Rd3 $1 Kh8 $6 {Miles misses the best defence.} ({But} 25... Qc2 $1 26. Rg3 $1
Qb2 27. f5 {also wins for White.}) 26. Nc7 $1 Re7 27. Qc5 $1 Re2 28. Rxd7 $1
1-0

[Event "Hoogovens"]
[Site "Wijk aan Zee 46"]
[Date "1984.01.??"]
[Round "9"]
[White "Nikolic, Predrag"]
[Black "Kortschnoj, Viktor"]
[Result "0-1"]
[WhiteElo "2570"]
[BlackElo "2635"]
[Annotator "JvR"]
[PlyCount "108"]
[EventDate "1984.??.??"]
[EventCountry "NED"]

1. d4 Nf6 2. c4 e6 3. Nf3 b6 4. g3 Bb7 5. Bg2 Bb4+ 6. Bd2 c5 7. O-O O-O 8. d5
$5 Bxd2 9. Qxd2 $6 (9. Nfxd2 $1 {keeps the opening's plus.}) 9... exd5 10. Nh4
Ne4 $1 11. Qc2 Re8 12. Nc3 Nxc3 13. bxc3 Nc6 $5 14. cxd5 Ne5 15. Rfe1 d6 16. f4
Ng6 17. Nxg6 hxg6 18. e4 g5 19. e5 $1 gxf4 20. gxf4 dxe5 21. fxe5 Qg5 22. Qe4
Re6 $5 {A sharp position has arisen.} 23. Qe3 Rg6 24. Qxg5 Rxg5 25. c4 $2 (25.
Rad1 $1 Rd8 $1 26. Kf2 Rf5+ 27. Kg3 Rg5+ {brings perpetual check (Kortschnoj).}
) 25... Re8 $1 26. Rad1 Bc8 27. Rd3 Rgxe5 28. Rxe5 Rxe5 {Black has gained a
pawn.} 29. Ra3 Re7 30. d6 $1 Re1+ 31. Kf2 Rd1 32. Bd5 Be6 33. Bxe6 fxe6 34.
Rxa7 Rxd6 35. Ke3 $2 (35. a4 $1 Rd2+ 36. Kg3 Ra2 37. Re7 $1 Rxa4 38. Rxe6 {
might give survival.}) 35... Rd4 36. Ra6 Rxc4 37. Rxb6 Kf7 38. Rb2 $5 g5 39.
Kd3 Rh4 $5 40. Rc2 Kf6 41. Rxc5 Rxh2 42. a4 Rh3+ {Kortschnoj plays a difficult
rook ending.} 43. Ke2 ({He regards} 43. Kc4 $1 g4 44. Rc8 {as drawn, but} Ra3
$1 45. Kb5 e5 $1 46. a5 e4 {wins the game.}) 43... e5 44. Rc8 Ra3 45. Ra8 Kf5
46. a5 Kf4 47. a6 Ra2+ 48. Kd3 e4+ 49. Kd4 e3 50. Rf8+ Kg3 51. Kxe3 Rxa6 52.
Rf3+ Kg4 53. Rf8 Ra2 54. Rg8 Rg2 $1 0-1

[Event "Hoogovens"]
[Site "Wijk aan Zee 46"]
[Date "1984.01.??"]
[Round "13"]
[White "Beliavsky, Alexander"]
[Black "Ree, Hans"]
[Result "1-0"]
[WhiteElo "2565"]
[BlackElo "2480"]
[Annotator "JvR"]
[PlyCount "93"]
[EventDate "1984.??.??"]
[EventCountry "NED"]

1. e4 e5 2. Nf3 Nc6 3. Bb5 g6 4. c3 a6 5. Ba4 d6 6. d4 Bd7 7. Bg5 Be7 8. Be3
Nf6 9. Bc2 O-O 10. O-O $5 Re8 11. h3 Bf8 12. Nbd2 Bg7 13. Re1 h6 14. a3 a5 15.
b3 Qe7 16. Nf1 Rad8 $2 ({Better is} 16... exd4 $1 17. cxd4 Nxe4 $1 18. Bxe4
Qxe4 19. Bxh6 Qf5) 17. d5 $1 {Hereafter, Ree will be strangled.} Nb8 18. Ng3 c5
19. Qd2 Qf8 20. b4 axb4 21. axb4 cxb4 22. cxb4 Na6 23. Bd3 $1 Ra8 24. Bb6 Rec8
25. b5 Nc7 (25... Nc5 $2 26. Rxa8 Rxa8 27. Bxc5 dxc5 28. Nxe5 {costs a pawn 
(Makarichev).}) 26. Rxa8 Nxa8 27. Be3 Nc7 28. Qa5 Kh7 29. Rc1 Ncxd5 $1 (29...
Na8 30. Rxc8 Qxc8 31. b6 {is pitiful (Makarichev).}) 30. exd5 Nxd5 31. Rxc8
Qxc8 32. Bd2 f5 33. Qa2 $1 Qc5 34. Bc4 Nf6 35. Bf7 f4 $1 {White has no easy
win.} 36. Qb1 $2 ({Right is} 36. Nf1) 36... fxg3 37. Qxg6+ Kh8 38. Qxg3 $5 (38.
Bxh6 gxf2+ 39. Kh2 f1=N+ $1 40. Kh1 Ng3+ $1 41. Kh2 {leads to perpetual check.}
) 38... Ne4 $2 (38... Qc2 $1 39. Qh4 $1 e4 $5 40. Bxh6 exf3 41. Qg5 Qh7 42.
Bxg7+ Qxg7 43. Qh4+ Nh7 44. Qd8+ Nf8 45. Qh4+ {brings another perpetual.}) 39.
Qh4 $1 Qxf2+ ({Or} 39... Nxd2 40. Qd8+ Kh7 41. Qg8# {(Makarichev).}) 40. Qxf2
Nxf2 41. Kxf2 Bxb5 42. Nh4 Bd3 43. Ke3 Bc2 44. Bd5 $1 Bf6 45. Nf3 b6 46. Bb4
Be7 47. Nd2 $1 {Beliavsky and Kortschnoj won their games in the last round.
They shared the victory by a score of 10/13, before Nikolic (71/2) and
Andersson (7).} 1-0

[Event "Hoogovens"]
[Site "Wijk aan Zee 47"]
[Date "1985.01.??"]
[Round "1"]
[White "Timman, Jan"]
[Black "Lobron, Eric"]
[Result "1-0"]
[WhiteElo "2650"]
[BlackElo "2505"]
[Annotator "JvR"]
[PlyCount "103"]
[EventDate "1985.??.??"]
[EventCountry "NED"]

{WIJK AAN ZEE 1985  Five top ten players participated in i 1985.} 1. e4 c5 2.
Nf3 e6 3. d4 cxd4 4. Nxd4 Nc6 5. Nc3 Nf6 6. Nxc6 bxc6 7. e5 Nd5 8. Ne4 Qc7 9.
f4 Qb6 10. c4 Ne3 11. Qd3 Bb4+ 12. Bd2 Rb8 13. b3 f5 $2 (13... O-O {occurred
in Tringov - Hübner, Luzern 1982.}) 14. exf6 $1 gxf6 $6 {Lobron misses an
active defence.} (14... O-O $1 15. c5 $1 Bxd2+ 16. Kxd2 Nxf1+ 17. Rhxf1 Qb4+
18. Ke3 gxf6 {counters.}) 15. Bxb4 $1 Qxb4+ 16. Ke2 Nf5 17. g4 $6 (17. Nxf6+
Ke7 18. g4 $1 Kxf6 19. gxf5 Re8 {(Timman)} 20. Qd4+ $1 {wins at once.}) 17...
Qe7 $1 18. gxf5 exf5 19. Bg2 fxe4 20. Qxe4 Rg8 21. Kf2 Qxe4 22. Bxe4 Rg4 23.
Kf3 Rh4 24. Kg3 Rh5 25. h4 Kf8 26. Rad1 Ra5 27. Rh2 d5 $6 28. cxd5 Rb7 29. Rc2
Rg7+ 30. Kf2 Bg4 31. Rd4 cxd5 32. b4 $5 Ra3 33. Rxd5 Be6 34. Ra5 $6 Rh3 $6 35.
f5 $1 Rh2+ 36. Ke3 Rh3+ 37. Kd4 $6 Rd7+ 38. Kc5 Bf7 39. Bc6 Re7 40. Rb5 $6 {
Timman has spoiled a winning position.} Rxh4 41. Rb8+ Be8 $6 (41... Kg7 $1 {
avoids the pin.}) 42. Kb5 Rhe4 $5 (42... Rf4 $1 {fights for a draw.}) 43. a4 h5
44. a5 h4 45. Ka6 h3 46. Rh2 Rxb4 47. Rxb4 Bxc6 48. Rxh3 Be4 49. Re3 $1 Bb7+
50. Rxb7 Rxe3 51. Kxa7 Ra3 52. a6 1-0

[Event "Hoogovens"]
[Site "Wijk aan Zee 47"]
[Date "1985.01.??"]
[Round "2"]
[White "Beliavsky, Alexander"]
[Black "Nunn, John"]
[Result "0-1"]
[WhiteElo "2635"]
[BlackElo "2615"]
[Annotator "JvR"]
[PlyCount "54"]
[EventDate "1985.??.??"]
[EventCountry "NED"]

1. d4 Nf6 2. c4 g6 3. Nc3 Bg7 4. e4 d6 5. f3 O-O 6. Be3 Nbd7 7. Qd2 c5 8. d5
Ne5 9. h3 $5 Nh5 10. Bf2 f5 $1 11. exf5 $5 {White provokes an onslaught.} ({
Quiet is} 11. g4 fxg4 12. hxg4 {fxg4 (Toth - Resika, Eger 2002)} Nf4) 11...
Rxf5 $3 12. g4 Rxf3 $1 13. gxh5 ({Kortschnoj will play} 13. O-O-O $2 Ng3 14.
Bxg3 Rxg3 15. Qf4 Rxc3+ 16. bxc3 {and lose against M. Roeder in Calcutta 2000.}
) 13... Qf8 14. Ne4 Bh6 15. Qc2 (15. Qe2 $5 Nd3+ 16. Qxd3 Rxd3 17. Bxd3 Qf4 {
(Beliavsky)} 18. Rd1 $1 {almost evens.}) 15... Qf4 {Nunn has given a rook and
a minor piece.} 16. Ne2 $2 ({But the accurate} 16. Nxf3 $1 Nxf3+ 17. Kd1 Bf5 {
(Beliavsky)} 18. Bg3 $1 Qxe4 19. Qxe4 Bxe4 20. Bg2 {only gains a plus.}) 16...
Rxf2 $1 17. Nxf2 Nf3+ 18. Kd1 Qh4 $1 19. Nd3 Bf5 20. Nec1 Nd2 $1 21. hxg6 hxg6
22. Bg2 Nxc4 23. Qf2 Ne3+ 24. Ke2 Qc4 25. Bf3 Rf8 26. Rg1 Nc2 27. Kd1 Bxd3 {
Timman and Nunn started by two wins.} 0-1

[Event "Hoogovens"]
[Site "Wijk aan Zee 47"]
[Date "1985.01.??"]
[Round "4"]
[White "Timman, Jan"]
[Black "Kudrin, Sergey"]
[Result "1-0"]
[WhiteElo "2650"]
[BlackElo "2485"]
[Annotator "JvR"]
[PlyCount "57"]
[EventDate "1985.??.??"]
[EventCountry "NED"]

1. d4 Nf6 2. c4 e6 3. Nc3 Bb4 4. Bg5 h6 5. Bh4 c5 6. d5 d6 7. e3 Bxc3+ 8. bxc3
e5 9. f3 Nbd7 10. Bd3 Qe7 11. Ne2 g5 $5 ({Known is} 11... Kd8 $6) 12. Bg3 e4
13. Bxe4 Nxe4 14. fxe4 Ne5 $2 ({An improvement will become} 14... Nf6 {(Timman
- Hulak, Zagreb/Rijeka 1985).}) 15. O-O $1 O-O 16. Bxe5 Qxe5 17. Ng3 $1 Qxc3
18. Rc1 $5 Qe5 $2 (18... Qxe3+ $1 19. Kh1 Qd4 20. Qh5 Qg7 {waives a white pawn
in a similar position.}) 19. Qh5 Qg7 $5 20. Qf3 Qg6 21. Qf6 h5 ({Or} 21... Qxf6
22. Rxf6 Rd8 23. Rcf1 $1) 22. Qe7 $1 f5 23. exf5 Bxf5 24. Nxf5 Rxf5 25. Rxf5
Qxf5 26. Rf1 Qg6 27. Rf6 Qb1+ 28. Kf2 Qb2+ 29. Kg3 {Winning can look easily.}
1-0

[Event "Hoogovens"]
[Site "Wijk aan Zee 47"]
[Date "1985.01.??"]
[Round "5"]
[White "Van der Wiel, John"]
[Black "Timman, Jan"]
[Result "0-1"]
[WhiteElo "2500"]
[BlackElo "2650"]
[Annotator "JvR"]
[PlyCount "60"]
[EventDate "1985.??.??"]
[EventCountry "NED"]

1. e4 e5 2. Nf3 Nc6 3. Nc3 Nf6 4. Be2 {Once John played this against me.} d5 5.
exd5 Nxd5 6. O-O Nxc3 7. bxc3 Bd6 8. d4 $5 O-O 9. Rb1 h6 10. dxe5 $6 Nxe5 11.
Nxe5 $6 Bxe5 12. Ba3 Re8 13. Bf3 $2 ({Preferable is} 13. Qxd8 Rxd8 14. c4)
13... Qh4 $1 14. g3 Qa4 $1 {Timman has embarked an attack.} 15. Qc1 Bxc3 16.
Bxb7 Bh3 17. Bb2 $1 Bxb2 18. Rxb2 $6 Rad8 $6 19. Bg2 Bxg2 20. Kxg2 Re2 21. c3
Rde8 22. Rd2 a5 23. Qb2 Qc6+ 24. Kg1 Qc4 25. a3 $4 (25. Rxe2 Rxe2 26. Qb3 $1
Qxb3 27. axb3 Rb2 28. b4 $1 axb4 29. cxb4 Rxb4 30. Rc1 Rb7 {might draw (Timman)
.}) 25... Re1 $1 26. Rxe1 Rxe1+ 27. Kg2 Qf1+ 28. Kf3 Qh1+ 29. Kg4 f5+ $1 30.
Kh3 Qf1+ {Timman led by 41/2/5.} (30... Qf1+ 31. Kh4 g5+ 32. Kh5 Qh3+ 33. Kg6
Re6#) 0-1